Sports Quiz

Random Sports or Auto Racing Quiz

NASCAR Cup Points Leaders Without a Championship Quiz Stats

 Plays Quiz not verified by Sporcle

Challenge
Share
Tweet
Embed
Score 0/27 Timer 05:00
0 Plays Today
# of times in points lead Driver % Correct
27Mark Martin
93.6%
28Kyle Busch
85.4%
12Dale Earnhardt Jr.
84.5%
25Carl Edwards
82%
26Kevin Harvick
76.8%
31Sterling Marlin
76.4%
1Ward Burton
76.3%
14Jeff Burton
76%
7Denny Hamlin
72%
15Greg Biffle
71.7%
1Ryan Newman
71.4%
17Davey Allison
69.6%
3Michael Waltrip
68.9%
4Ricky Rudd
58%
# of times in points lead Driver % Correct
1Jamie McMurray
58%
1Derrike Cope
55.5%
13Ernie Irvan
51%
5Geoff Bodine
49.6%
2Harry Gant
47.3%
4Jeremy Mayfield
43.6%
3Mike Skinner
32.1%
1Morgan Shepherd
31.3%
5Neil Bonnett
29.8%
1Lake Speed
22.2%
1Dave Marcis
22.2%
1Joe Ruttman
10.8%
1Dick Brooks
5.8%

You're not logged in!

Compare scores with friends on all Sporcle quizzes.
Join for Free
OR
Log In

You Might Also Like...

Show Comments

Extras

Top Quizzes Today


Score Distribution

Your Account Isn't Verified!

In order to create a playlist on Sporcle, you need to verify the email address you used during registration. Go to your Sporcle Settings to finish the process.

Report this User

Report this user for behavior that violates our Community Guidelines.

Details: